[Event "?"]
[Site "?"]
[Date "2018.08.14"]
[Round "1.1"]
[White "Luft, Dennis"]
[Black "Schläger, Reiner"]
[Result "1-0"]
[WhiteElo "2273"]
[BlackElo "1679"]
[PlyCount "65"]
[EventDate "2018.??.??"]
[WhiteTeam "SF Brackel 1930"]
[BlackTeam "FS 98 Dortmund"]

1. e4 e5 2. Nf3 Nc6 3. Bc4 Bc5 4. c3 Nf6 5. d4 exd4 6. e5 d5 7. Be2 Ne4 8. cxd4
Bb6 9. O-O Be6 10. Nc3 h6 11. Na4 g5 12. Nxb6 axb6 13. Ne1 g4 14. Bxg4 Qh4 15.
Bxe6 fxe6 16. g3 Rg8 17. Ng2 Qh3 18. Nf4 Qf5 19. Qh5+ Qf7 20. Be3 Ng5 21. Kg2
Ra4 22. Rfc1 Rc4 23. b3 Rb4 24. Rab1 Ke7 25. Qxf7+ Kxf7 26. a4 Rc8 27. h4 Nh7
28. Rxc6 bxc6 29. Nd3 Rxd4 30. Bxd4 c5 31. Be3 Kg6 32. h5+ Kf5 33. f3 1-0

[Event "?"]
[Site "?"]
[Date "2018.08.14"]
[Round "1.2"]
[White "Sonntag, Hans-Joachim"]
[Black "Kartsev, Soel"]
[Result "0-1"]
[WhiteElo "1662"]
[BlackElo "2251"]
[PlyCount "38"]
[EventDate "2018.??.??"]
[WhiteTeam "FS 98 Dortmund"]
[BlackTeam "SF Brackel 1930"]

1. e4 d5 2. exd5 Nf6 3. d4 Nxd5 4. c4 Nb6 5. Nc3 e5 6. dxe5 Qxd1+ 7. Nxd1 Nc6
8. Nf3 Be6 9. Ne3 O-O-O 10. Bd2 Nb4 11. a3 Nd3+ 12. Bxd3 Rxd3 13. Rc1 Rb3 14.
Rc2 Bc5 15. O-O Rd8 16. Rcc1 h6 17. h3 Bxe3 18. Bxe3 Nxc4 19. Bd4 Rxf3 0-1

[Event "?"]
[Site "?"]
[Date "2018.08.14"]
[Round "1.3"]
[White "Garbuz, Vitaliy"]
[Black "Surmann, Christoph"]
[Result "1-0"]
[WhiteElo "2123"]
[BlackElo "1659"]
[PlyCount "99"]
[EventDate "2018.??.??"]
[WhiteTeam "SF Brackel 1930"]
[BlackTeam "Dortmunder SV 1875"]

1. e4 c6 2. d4 d5 3. exd5 cxd5 4. c4 Nf6 5. Nc3 Nc6 6. Bg5 dxc4 7. d5 Ne5 8.
Qd4 Nd3+ 9. Bxd3 cxd3 10. Nf3 g6 11. Bxf6 exf6 12. O-O Bd6 13. Ne4 O-O 14.
Nxf6+ Kh8 15. Ng5 Be7 16. Nge4 Bf5 17. d6 Bxf6 18. Nxf6 Qb6 19. Qf4 Qxb2 20.
Nd5 Rfe8 21. Ne7 d2 22. Rad1 Rad8 23. Rxd2 Qc3 24. Rdd1 Be6 25. Rd4 Kg7 26. Rc1
Qb2 27. Rcd1 Qxa2 28. h4 Qa5 29. g4 h5 30. g5 Bf5 31. Qe3 Qc5 32. Rc1 Qb5 $11
33. Rd5 Qb2 34. Rcd1 Be6 35. R5d2 Qb6 36. Qc3+ Kh7 37. Rb2 Qa6 38. Rbd2 Qa4 39.
Rd4 Qb5 40. Qf3 Rf8 41. Qf6 Bh3 42. Re1 Qa5 43. Re3 Qa1+ 44. Kh2 Bd7 45. Nxg6
Bc6 (45... fxg6 46. Re7+) 46. Nxf8+ Rxf8 47. g6+ Kg8 48. gxf7+ Rxf7 49. Rg3+
Kf8 50. Qh8# 1-0

[Event "?"]
[Site "?"]
[Date "2018.08.14"]
[Round "1.4"]
[White "Stockhausen, Arnd"]
[Black "Korten, Lando"]
[Result "0-1"]
[WhiteElo "1577"]
[BlackElo "2101"]
[PlyCount "68"]
[EventDate "2018.??.??"]
[WhiteTeam "SG Mengede 1922"]
[BlackTeam "SF Brackel 1930"]

1. f4 d5 2. Nf3 Nf6 3. e3 Bg4 4. Be2 Bxf3 5. Bxf3 c6 6. O-O Nbd7 7. d4 Qc7 8.
c3 e6 9. b3 Ne4 10. Bxe4 dxe4 11. Ba3 c5 12. Bb2 Nf6 13. Qe2 Rd8 14. Na3 cxd4
15. cxd4 Bxa3 16. Bxa3 Qa5 17. Bc1 Rc8 18. Bd2 Qb6 19. Rfc1 Kd7 20. Rxc8 Rxc8
21. Rc1 Rxc1+ 22. Bxc1 Qc6 23. Qc4 Nd5 24. Bd2 b5 25. Qxc6+ Kxc6 26. b4 Nb6 27.
g4 Kd5 28. Kf2 Kc4 29. f5 Kd3 30. Bc1 Nc4 31. fxe6 fxe6 32. h4 Kc2 33. Kg3 Kxc1
34. Kf4 Kd2 0-1

[Event "?"]
[Site "?"]
[Date "2018.08.14"]
[Round "1.5"]
[White "Zelt, Jens"]
[Black "Stepke, Horst"]
[Result "1-0"]
[WhiteElo "2076"]
[BlackElo "1555"]
[PlyCount "65"]
[EventDate "2018.??.??"]
[WhiteTeam "SC Hansa Dortmund"]
[BlackTeam "Huckarde-Westerfilde"]

1. d4 Nf6 2. Nf3 e6 3. Bf4 d5 4. c3 Bd6 5. Bg3 O-O 6. Nbd2 c5 7. e3 c4 8. Qc2
Nc6 9. Be2 b5 10. Ne5 Bb7 11. f4 Ne7 12. Bf3 Nf5 13. Bf2 Bxe5 14. fxe5 Ne4 15.
Nxe4 dxe4 16. Bxe4 Bxe4 17. Qxe4 Ne7 18. Bh4 Qd5 19. Qg4 Ng6 20. O-O a5 21. Rf3
b4 22. Raf1 Ra7 23. Be1 b3 24. a3 f5 25. exf6 gxf6 26. Rxf6 Rxf6 27. Rxf6 Re7
28. e4 Qd7 29. e5 Kh8 30. Bd2 Re8 31. Bg5 a4 32. h4 Rf8 33. Rxf8+ 1-0

[Event "?"]
[Site "?"]
[Date "2018.08.14"]
[Round "1.6"]
[White "Schacht, Jürgen"]
[Black "Wichtrup, Jan-Louis"]
[Result "0-1"]
[WhiteElo "1538"]
[BlackElo "2054"]
[PlyCount "32"]
[EventDate "2018.??.??"]
[WhiteTeam "SV Rochade Eving"]
[BlackTeam "Dortmunder SV 1875"]

1. Nf3 Nf6 2. Nc3 c5 3. e4 d6 4. b3 e6 5. Bb2 a6 6. d4 cxd4 7. Nxd4 b5 8. Bd3
Bb7 9. f3 Nbd7 10. Qd2 Be7 11. O-O Qb6 12. Qf2 d5 13. a3 Bc5 14. Nce2 e5 15. b4
Bxd4 16. Bxd4 exd4 0-1

[Event "?"]
[Site "?"]
[Date "2018.08.14"]
[Round "1.7"]
[White "Kartsev, Nikolay"]
[Black "Ziemek, Gerhard"]
[Result "1-0"]
[WhiteElo "2033"]
[BlackElo "1537"]
[PlyCount "79"]
[EventDate "2018.??.??"]
[WhiteTeam "SF Brackel 1930"]
[BlackTeam "Marten-Bövinghausen"]

1. e4 e5 2. Nf3 Nc6 3. Bb5 Nd4 4. Bc4 d6 5. Nxd4 exd4 6. d3 Nf6 7. Bg5 Be7 8.
h3 Bd7 9. Nd2 c6 10. O-O O-O 11. Bb3 b5 12. f4 a5 13. a4 Kh8 14. Nf3 c5 15. e5
Ne8 16. Re1 f6 17. exf6 Bxf6 18. Bxf6 Nxf6 19. axb5 Bxb5 20. Ng5 Qd7 21. Qf3
Bc6 22. Qg3 Nd5 23. Qh4 h6 24. Bxd5 Bxd5 25. Re2 Kg8 26. Ne4 a4 27. Qg3 Kh7 28.
Rae1 Rf7 29. Qh4 Raf8 30. Ng5+ Kg8 31. Nxf7 Bxf7 32. Re7 Qf5 33. Ra7 c4 34. Qg4
Qb5 35. f5 cxd3 36. f6 g5 37. cxd3 Qb8 38. Ree7 Qxb2 39. Kh2 Qc1 40. Qf5 1-0

[Event "?"]
[Site "?"]
[Date "2018.08.14"]
[Round "1.8"]
[White "Ropel, Dennis"]
[Black "Stemmler, Fabian"]
[Result "1-0"]
[WhiteElo "1520"]
[BlackElo "2029"]
[PlyCount "94"]
[EventDate "2018.??.??"]
[WhiteTeam "SG Mengede 1922"]
[BlackTeam "SF Brackel 1930"]

1. c4 f5 2. g3 Nf6 3. Bg2 d6 4. d4 e6 5. Nf3 Be7 6. Nc3 O-O 7. O-O Ne4 8. Qc2
Nxc3 9. Qxc3 a5 10. b3 Bf6 11. Qd2 Nc6 12. Bb2 e5 13. d5 Nb8 14. e3 Nd7 15.
Rac1 Nc5 16. Rfd1 Qe8 17. Qc2 Qh5 18. a3 a4 19. b4 Nb3 20. Rb1 f4 21. e4 Bg4
22. Rd3 Be7 23. Rf1 Rf6 24. h4 Raf8 25. Nh2 Be2 26. Bf3 Bxf3 27. Nxf3 fxg3 28.
fxg3 Rxf3 29. Rfxf3 Rxf3 30. Kg2 Rxd3 31. Qxd3 Qg4 32. Kh2 b6 33. Bc3 Nc1 34.
Qe3 Qe2+ 35. Qxe2 Nxe2 36. Bd2 Nd4 37. Kg2 Kf7 38. Kf2 g5 39. hxg5 Kg6 40. Bc3
Bxg5 41. Bb2 Bd2 42. Kg2 Kg5 43. Kh3 h5 44. Kg2 Kg4 45. Kf2 Nf3 46. Kg2 Be1 47.
Bc1 Nd2 1-0

[Event "?"]
[Site "?"]
[Date "2018.08.14"]
[Round "1.9"]
[White "Khess, Igor"]
[Black "Haneberg, Alexander"]
[Result "1/2-1/2"]
[WhiteElo "1988"]
[BlackElo "1507"]
[PlyCount "108"]
[EventDate "2018.??.??"]
[WhiteTeam "FS 98 Dortmund"]
[BlackTeam "Dortmunder SV 1875"]

1. d4 Nf6 2. c4 e6 3. Nc3 d5 4. Bg5 Be7 5. Nf3 b6 6. cxd5 exd5 7. e3 O-O 8. Bd3
Bb7 9. Rc1 a6 10. O-O Ne4 11. Bf4 Bd6 12. Bxd6 Qxd6 13. Nd2 Re8 14. Bxe4 dxe4
15. Qg4 Qe6 16. Qxe6 Rxe6 17. Ne2 Re7 18. Rc3 a5 19. Rfc1 Na6 20. a3 Rd8 21.
Nc4 g5 22. Ng3 Rd5 23. h3 f5 24. Ne5 Bc8 25. Nh5 Rd6 26. Rc6 Ree6 27. Rxd6 Rxd6
28. Rc6 Rxc6 29. Nxc6 Kf7 30. Kf1 Be6 31. Ke1 Bd5 32. Ne5+ Ke7 33. Ng3 Ke6 34.
Ne2 Nc5 35. dxc5 Kxe5 36. cxb6 cxb6 37. g3 Be6 38. h4 h6 39. hxg5 hxg5 40. Kd2
b5 41. Nd4 Bd7 $11 42. Kc3 Kd5 43. Ne2 Kc5 44. Ng1 b4+ 45. axb4+ axb4+ 46. Kc2
Bc6 47. Nh3 g4 48. Nf4 Bd7 49. Ne2 Be6 50. Nd4 Bd7 51. Kb3 Bc8 52. Nc2 Be6+ 53.
Ka4 Bd7+ 54. Kb3 Be6+ 1/2-1/2

[Event "?"]
[Site "?"]
[Date "2018.08.14"]
[Round "1.10"]
[White "Pachura, Karl-Heinz"]
[Black "Bork, Sophie"]
[Result "0-1"]
[WhiteElo "1430"]
[BlackElo "1882"]
[PlyCount "35"]
[EventDate "2018.??.??"]
[WhiteTeam "SF Brackel 1930"]
[BlackTeam "SG Mengede 1922"]

1. e4 e5 2. Nf3 Nc6 3. Bb5 a6 4. Bxc6 dxc6 5. O-O Be7 6. d4 exd4 7. Nxd4 c5 8.
Nf5 Qxd1 9. Rxd1 Bf6 10. c3 Bxf5 11. exf5 Ne7 12. g4 Be5 13. f4 Bd6 14. Be3 h5
15. g5 Nxf5 16. Kf2 O-O-O 17. Kf3 Nxe3 18. Kxe3 0-1

[Event "?"]
[Site "?"]
[Date "2018.08.14"]
[Round "1.11"]
[White "Lauche, Christoph"]
[Black "Zabel, Reinhard"]
[Result "1-0"]
[WhiteElo "1854"]
[BlackElo "1408"]
[PlyCount "63"]
[EventDate "2018.??.??"]
[WhiteTeam "FS 98 Dortmund"]
[BlackTeam "SC Doppelbauer"]

1. e4 e5 2. Bb5 Nc6 3. Nf3 d6 4. O-O Nf6 5. d3 Bd7 6. c3 a6 7. Ba4 Be7 8. Nbd2
O-O 9. d4 exd4 10. cxd4 Na7 11. Bc2 Re8 12. e5 dxe5 13. dxe5 Nd5 14. Ne4 Be6
15. Nd4 Qd7 16. Nxe6 Qxe6 17. f4 Rad8 18. Qf3 f6 19. exf6 Bxf6 20. Nxf6+ Qxf6
21. Bb3 c6 22. Be3 Rxe3 23. Qxe3 Nb5 24. Rad1 Kh8 25. Bxd5 cxd5 26. Rxd5 Nc7
27. Rxd8+ Qxd8 28. Re1 h6 29. f5 Qf6 30. Qe5 Qf7 31. Qd6 Nb5 32. Qg6 1-0

[Event "?"]
[Site "?"]
[Date "2018.08.14"]
[Round "1.12"]
[White "Vollenberg, Jörg"]
[Black "Kantor, Nikita"]
[Result "1/2-1/2"]
[WhiteElo "1400"]
[BlackElo "1835"]
[PlyCount "92"]
[EventDate "2018.??.??"]
[WhiteTeam "SV Rochade Eving"]
[BlackTeam "SF Brackel 1930"]

1. e4 c5 2. d4 cxd4 3. c3 Nf6 4. e5 Nd5 5. Bc4 Nb6 6. Qxd4 e6 7. Nf3 Nc6 8. Qd3
Be7 9. Bb3 f5 10. h4 Qc7 11. Bf4 Na5 12. Nbd2 Nxb3 13. Nxb3 Nd5 14. Bg5 Bxg5
15. hxg5 b6 16. Qd4 Ne7 17. O-O-O Bb7 18. Nbd2 O-O-O 19. Nc4 Bxf3 20. gxf3 Nc6
21. Nd6+ Kb8 22. Qe3 Rdf8 23. f4 Nb4 24. Kb1 Nd5 25. Qd2 Qc6 26. c4 Nc7 27. Rh3
g6 28. Rb3 Rhg8 29. Qb4 Ka8 30. Ra3 Rb8 31. Rc1 Rg7 32. Ra4 Ne8 33. Qa3 Rb7 34.
Nxb7 Qxb7 35. c5 b5 36. Ra6 Nc7 37. Rb6 Qe4+ 38. Ka1 Qxf4 39. Rd1 Qxf2 40. Rbd6
Kb7 41. Qc3 Qg2 42. a4 Qe4 43. R1d4 Qg2 44. Qa5 Qxg5 45. axb5 Qc1+ 46. Ka2 Qxc5
1/2-1/2

[Event "?"]
[Site "?"]
[Date "2018.08.14"]
[Round "1.13"]
[White "Begna, Bozidar"]
[Black "Jentzsch, Werner Wilfried"]
[Result "1-0"]
[WhiteElo "1825"]
[BlackElo "1367"]
[PlyCount "87"]
[EventDate "2018.??.??"]
[WhiteTeam "SC Hansa Dortmund"]
[BlackTeam "SF Brackel 1930"]

1. e4 c5 2. Nf3 Nc6 3. Bb5 a6 4. Bxc6 dxc6 5. O-O Bg4 6. Re1 e6 7. d3 Bd6 8.
Nbd2 Ne7 9. Nc4 Bc7 10. Ne3 Bh5 11. Nf1 Ng6 12. Ng3 Bxg3 13. hxg3 Qc7 14. Be3
b6 15. Qd2 O-O 16. Nh2 Ne7 17. g4 Bg6 18. Nf3 f6 19. g3 Rfd8 20. Qc3 Bf7 21.
Kg2 e5 22. Rh1 Be6 23. g5 Ng6 24. gxf6 gxf6 25. Nh4 Bf7 26. Nf5 Rd7 27. Nh6+
Kg7 28. Nxf7 Rxf7 29. Rh5 Rh8 30. Bh6+ Kg8 31. Qc4 a5 32. Rf5 Ne7 33. Rxf6 Ng6
34. Qe6 Nf8 35. Qxf7+ Qxf7 36. Rxf7 Kxf7 37. Rh1 Ne6 38. Bd2 h5 39. Rh4 Kg6 40.
g4 Nd4 41. Rxh5 Rxh5 42. gxh5+ Kxh5 43. c3 Kg4 44. cxd4 1-0

[Event "?"]
[Site "?"]
[Date "2018.08.14"]
[Round "1.14"]
[White "Bensch, Christian"]
[Black "Grube, Jörg"]
[Result "0-1"]
[WhiteElo "1317"]
[BlackElo "1819"]
[PlyCount "90"]
[EventDate "2018.??.??"]
[WhiteTeam "SC Wambel 77"]
[BlackTeam "FS 98 Dortmund"]

1. e4 e5 2. Nf3 Nc6 3. Bc4 Bc5 4. c3 Nf6 5. d3 d6 6. Nbd2 a6 7. O-O Bg4 8. b4
Ba7 9. Qb3 Qd7 10. a4 O-O 11. Bb2 Ne7 12. Rfe1 b5 13. axb5 axb5 14. Bxf7+ Rxf7
15. Ng5 Bh5 16. Nxf7 Bxf7 17. Qc2 Nc6 18. Ra3 Ng4 19. d4 exd4 20. cxd4 Rf8 21.
Nf3 Bc4 22. h3 Nf6 23. d5 Nxb4 24. Qd2 Bc5 25. Bd4 Nc2 26. Qxc2 Bxa3 27. Ng5
Bc5 28. Bxc5 dxc5 29. e5 h6 30. Ne6 Rf7 31. exf6 Rxf6 32. Rd1 Qd6 33. Qe4 Bb3
34. Rd2 c6 35. Qe3 Bxd5 36. Nxc5 Qf4 37. Qe8+ Kh7 38. Qe1 Rg6 39. f3 Qxf3 40.
Qf2 Qxf2+ 41. Rxf2 Rf6 42. Rxf6 gxf6 43. Kf2 Kg6 44. g4 f5 45. gxf5+ Kxf5 0-1

[Event "?"]
[Site "?"]
[Date "2018.08.14"]
[Round "1.15"]
[White "Sprungala, Erik"]
[Black "Pennekamp, Christoph"]
[Result "1-0"]
[WhiteElo "1776"]
[BlackElo "1292"]
[PlyCount "111"]
[EventDate "2018.??.??"]
[WhiteTeam "SV Rochade Eving"]
[BlackTeam "SC Hansa Dortmund"]

1. d4 Nf6 2. c4 g6 3. Nc3 Bg7 4. Nf3 d5 5. e3 O-O 6. Bd2 Bf5 7. Qb3 dxc4 8.
Qxb7 Nbd7 9. Bxc4 c5 10. O-O Nb6 11. Qa6 Nxc4 12. Qxc4 cxd4 13. Nxd4 Rc8 14.
Qe2 Bg4 15. f3 Bd7 16. Rfd1 Qb6 17. Be1 e5 18. Nc2 Bc6 19. Rab1 e4 20. Nd4 exf3
21. gxf3 Rfe8 22. Nxc6 Rxc6 23. Rd3 Bh6 24. Bf2 Rd6 25. Rbd1 Red8 26. e4 Qb8
27. Bg3 Qb6+ 28. Bf2 Qb8 $11 29. Rxd6 Rxd6 30. Rxd6 Qxd6 31. e5 Qe6 32. exf6
Qxf6 33. Ne4 Qe7 34. Bc5 Qe5 35. Qd3 f5 36. Qd8+ Kf7 37. Qd7+ Kg8 38. Qd5+ Qxd5
39. Nf6+ Kf7 40. Nxd5 Ke6 41. Nc3 a6 42. Kf2 Bg7 43. Be3 Be5 44. Na4 Bf6 45. b3
Kd5 46. Nb6+ Kc6 47. Nc4 Be7 48. Ke2 Kd5 49. Kd3 Bf6 50. Nb6+ Kc6 51. Kc4 Be7
52. a4 Bd8 53. Nd5 a5 54. Bd4 Bg5 55. Bc3 Bd8 56. Bf6 1-0

[Event "?"]
[Site "?"]
[Date "2018.08.14"]
[Round "1.16"]
[White "Al Kassas, Humam"]
[Black "Boxberg, Marc"]
[Result "0-1"]
[WhiteElo "1251"]
[BlackElo "1775"]
[PlyCount "158"]
[EventDate "2018.??.??"]
[WhiteTeam "FS 98 Dortmund"]
[BlackTeam "Marten-Bövinghausen"]

1. e4 e6 2. Nf3 d5 3. e5 c5 4. Be2 Nc6 5. O-O Qc7 6. Re1 Bd7 7. Nc3 a6 8. Bf1
Nge7 9. d4 cxd4 10. Nxd4 Nxe5 11. Bf4 N7g6 12. Bg3 Bd6 13. Nf3 Nxf3+ 14. Qxf3
O-O 15. Bxd6 Qxd6 16. Rad1 Rac8 17. Ne4 dxe4 18. Rxd6 exf3 19. Rxd7 fxg2 20.
Bxg2 Rxc2 21. Rxb7 Rd8 22. Be4 Rcd2 23. a4 Nf4 24. Bf3 Nh3+ 25. Kg2 Nxf2 26.
Re2 Rxe2 27. Bxe2 Ne4 28. Bxa6 Nc5 29. Ra7 Nxa4 30. b4 Rb8 31. Bb5 Nb6 32. Ba6
Kf8 33. b5 f5 34. Bb7 Kf7 35. Kf3 Kf6 36. h4 h6 37. Bc6 g5 38. Rh7 g4+ 39. Kg3
Kg6 40. Re7 Kf6 41. Rh7 h5 42. Rxh5 Kg6 43. Rg5+ Kf6 44. Rh5 Rd8 45. Kf4 e5+
46. Ke3 $11 f4+ 47. Ke2 Nc4 48. Rh6+ Kf5 49. Rh5+ Kg6 50. Rg5+ Kf6 51. Rxg4
Rd2+ 52. Kf3 Rd3+ 53. Kf2 Rd2+ 54. Ke1 Rh2 55. Be4 Ne3 56. Rg6+ Kf7 57. b6 Rxh4
58. b7 Rh8 59. Rh6 Rb8 60. Rh7+ Ke6 61. Rh6+ Kd7 62. Ke2 Nc4 63. Rh7+ Kd6 64.
Kd3 Na5 65. Ke2 Kc5 66. Rh5 Kd4 67. Bg2 Nxb7 68. Rh4 Nc5 69. Kf3 Rb3+ 70. Ke2
Rb2+ 71. Kf1 Nd3 72. Kg1 e4 73. Bf1 e3 74. Rh7 e2 75. Rd7+ Ke3 76. Re7+ Kf3 77.
Bg2+ Kg4 78. Rg7+ Kf5 79. Bh3+ Kf6 0-1

[Event "?"]
[Site "?"]
[Date "2018.08.14"]
[Round "1.17"]
[White "Cogan, Leonid"]
[Black "Haufe, Ulrich"]
[Result "1-0"]
[WhiteElo "1772"]
[BlackElo "1211"]
[PlyCount "99"]
[EventDate "2018.??.??"]
[WhiteTeam "Huckarde-Westerfilde"]
[BlackTeam "Huckarde-Westerfilde"]

1. e4 c5 2. Nf3 Nc6 3. d4 cxd4 4. Nxd4 a6 5. Nc3 d6 6. Bc4 Na5 7. Bd3 Bd7 8.
O-O e5 9. Nde2 Be7 10. Be3 Qc8 11. b3 Bg4 12. Qd2 Nf6 13. Na4 Bd8 14. h3 Bxh3
15. f3 Bd7 16. Nb6 Bxb6 17. Bxb6 Nc6 18. Kf2 Nd8 19. Bc4 Be6 20. Bxe6 Qxe6 21.
Rad1 d5 22. Ba5 dxe4 23. Bxd8 e3+ 24. Kxe3 Nd7 25. Bc7 Rc8 26. Qd6 Qxd6 27.
Bxd6 Rxc2 28. Rd2 Rc6 29. Rfd1 f6 30. Bxe5 Re6 31. Rxd7 Rxe5+ 32. Kf2 O-O 33.
Rd8 Rfe8 34. Rxe8+ Rxe8 35. Rd7 Rb8 36. Nf4 b6 37. Ne6 g6 38. Rd8+ Rxd8 39.
Nxd8 h5 40. Ke3 Kg7 41. Kf4 Kh6 42. Nf7+ Kg7 43. Nd6 Kh6 44. b4 h4 45. a4 Kh5
46. b5 axb5 47. axb5 h3 48. gxh3 Kh4 49. Nc4 Kxh3 50. Nxb6 1-0

[Event "?"]
[Site "?"]
[Date "2018.08.14"]
[Round "1.18"]
[White "Frölich, Andreas"]
[Black "Alghawi, Abdullah"]
[Result "0-1"]
[WhiteElo "1043"]
[BlackElo "1764"]
[PlyCount "40"]
[EventDate "2018.??.??"]
[WhiteTeam "SV Rochade Eving"]
[BlackTeam "FS 98 Dortmund"]

1. e4 c5 2. Bc4 e6 3. Nf3 d5 4. exd5 exd5 5. Be2 Nf6 6. O-O Nc6 7. d3 Be7 8. a3
O-O 9. h3 Re8 10. c3 Bf5 11. Re1 Qd7 12. Bf1 Bd6 13. Rxe8+ Rxe8 14. Be3 Qe6 15.
Qd2 Ne5 16. Nxe5 Qxe5 17. g3 Nh5 18. Qe1 d4 19. Qd1 dxe3 20. Qxh5 exf2+ 0-1

[Event "?"]
[Site "?"]
[Date "2018.08.14"]
[Round "1.19"]
[White "Ewers, Christian"]
[Black "Sahakyan, Tigran"]
[Result "0-1"]
[WhiteElo "1739"]
[BlackElo "1035"]
[PlyCount "76"]
[EventDate "2018.??.??"]
[WhiteTeam "SG Mengede 1922"]
[BlackTeam "SF Brackel 1930"]

1. e4 e5 2. f4 d6 3. Nf3 Nc6 4. c3 Bg4 5. h3 Bxf3 6. Qxf3 Nf6 7. Bb5 a6 8. Ba4
b5 9. Bc2 d5 10. exd5 Qxd5 11. Qxd5 Nxd5 12. Be4 Rd8 13. fxe5 Nxe5 14. d4 Nc4
15. O-O c6 16. Re1 Be7 17. b3 Ncb6 18. Bxd5 Nxd5 19. a3 Nf6 20. Ra2 Rd7 21.
Rae2 h6 22. Bd2 Nd5 23. c4 Nc7 24. Nc3 Ne6 25. d5 cxd5 26. cxd5 Nd4 27. Re4 Nf5
28. Bf4 O-O 29. b4 Bf6 30. Be5 Bxe5 31. Rxe5 Nd6 32. Re7 Rfd8 33. a4 Kf8 34.
Rxd7 Rxd7 35. axb5 Nxb5 36. Nxb5 axb5 37. Rd1 Ke7 38. Kf1 Kf6 0-1

[Event "?"]
[Site "?"]
[Date "2018.08.14"]
[Round "1.20"]
[White "Böckmann, Lieselotte"]
[Black "Bommert, Christian"]
[Result "0-1"]
[WhiteElo "1014"]
[BlackElo "1724"]
[PlyCount "76"]
[EventDate "2018.??.??"]
[WhiteTeam "FS 98 Dortmund"]
[BlackTeam "FS 98 Dortmund"]

1. c4 f5 2. Nc3 Nf6 3. e3 g6 4. Be2 Bg7 5. d4 d6 6. Nf3 O-O 7. b4 Qe8 8. Rb1 e5
9. d5 Bd7 10. Ng5 h6 11. Ne6 Bxe6 12. dxe6 Qxe6 13. Nd5 Qc8 14. Ne7+ Kh7 15.
Nxc8 Rxc8 16. Bb2 Nc6 17. Qb3 Re8 18. O-O Ne4 19. Rbd1 a5 20. c5 axb4 21. Qf7
Re7 22. Qc4 Nxc5 23. Qh4 Rxa2 24. Bb5 g5 25. Qh3 Kg6 26. Bxc6 bxc6 27. Kh1 g4
28. Qh4 Bf6 29. Qxf6+ Kxf6 30. Ba1 b3 31. Bc3 Ne4 32. Bxe5+ Rxe5 33. f3 Nf2+
34. Rxf2 Rxf2 35. e4 Rc5 36. Kg1 Rcc2 37. h3 Rxg2+ 38. Kf1 gxf3 0-1

[Event "?"]
[Site "?"]
[Date "2018.08.14"]
[Round "1.21"]
[White "Schultz, Bernfried"]
[Black "Alo, Ala Eddin"]
[Result "1-0"]
[WhiteElo "1703"]
[BlackElo "999"]
[PlyCount "55"]
[EventDate "2018.??.??"]
[WhiteTeam "SF Brackel 1930"]
[BlackTeam "FS 98 Dortmund"]

1. e4 e5 2. d4 Qh4 3. Nc3 Bb4 4. Nf3 Qxe4+ 5. Be2 Nc6 6. O-O Bxc3 7. bxc3 d6 8.
Bc4 Qg6 9. Re1 e4 10. Ng5 Be6 11. d5 Ne5 12. dxe6 fxe6 13. Bxe6 h6 14. Bxg8
hxg5 15. Bd5 O-O-O 16. Bxe4 Qh6 17. h3 Qh4 18. Rb1 c6 19. Bf5+ Kc7 20. Re4 Qh6
21. Reb4 b6 22. a4 c5 23. R4b3 Nc4 24. Qd5 Qf6 25. Be4 Na5 26. Bxg5 Qe5 27.
Bxd8+ Rxd8 28. Rb5 1-0

[Event "?"]
[Site "?"]
[Date "2018.08.14"]
[Round "1.22"]
[White "Maghrbi, Bassam"]
[Black "Schulz-Runge, Michael"]
[Result "0-1"]
[WhiteElo "999"]
[BlackElo "1697"]
[PlyCount "118"]
[EventDate "2018.??.??"]
[WhiteTeam "FS 98 Dortmund"]
[BlackTeam "FS 98 Dortmund"]

1. e4 e5 2. Nf3 Nc6 3. Nc3 Nf6 4. Bc4 Bc5 5. h3 O-O 6. d3 h6 7. a3 d5 8. exd5
Nxd5 9. Nxd5 b5 10. Bb3 Bb7 11. Ne3 Kh8 12. O-O f5 13. Nh2 Nd4 14. Kh1 f4 15.
Neg4 f3 16. g3 Qd6 17. Be3 Ne2 18. Bxc5 Qxc5 19. Qd2 Nxg3+ 20. Kg1 Ne2+ 21. Kh1
Qe7 22. Rg1 Rf5 23. Nxh6 Rh5 24. Nf7+ Kh7 25. Ng5+ Kh8 26. Rg4 Rf8 27. Qe3 Nf4
28. Rg3 Rxg5 29. Rag1 Rxg3 30. Rxg3 c5 31. Ng4 Ne2 32. Kh2 Nxg3 33. Kxg3 e4 34.
dxe4 c4 35. Ba2 Bxe4 36. Qd4 Rd8 37. Qe5 Qxe5+ 38. Nxe5 Kg8 39. b3 cxb3 40.
Bxb3+ Kf8 41. Kf4 Bd5 42. Ng6+ Kf7 43. Ne5+ Kf6 44. Ng4+ Ke6 45. Ke3 Rh8 46.
Kd4 Bxb3 47. cxb3 Rxh3 48. Kc5 Rh5+ 49. Kb4 Rh4 50. Kxb5 Rxg4 51. b4 Rg2 52. a4
Rxf2 53. Ka6 Ra2 54. a5 f2 55. Kxa7 f1=Q 56. a6 Rxa6+ 57. Kb7 Qb5+ 58. Kc7 Rc6+
59. Kd8 Qb8# 0-1

[Event "?"]
[Site "?"]
[Date "2018.08.15"]
[Round "2.1"]
[White "Grube, Jörg"]
[Black "Luft, Dennis"]
[Result "0-1"]
[WhiteElo "1815"]
[BlackElo "2322"]
[PlyCount "44"]
[EventDate "2018.??.??"]
[WhiteTeam "FS 98 Dortmund"]
[BlackTeam "SF Brackel 1930"]

1. e4 e5 2. Nf3 Nc6 3. Nc3 Nf6 4. Bb5 Bb4 5. d3 d6 6. Bg5 h6 7. Bh4 Bd7 8. O-O
a6 9. Ba4 b5 10. Bb3 Ne7 11. d4 Bxc3 12. bxc3 Ng6 13. Bg3 Qe7 14. c4 O-O 15.
cxb5 axb5 16. dxe5 dxe5 17. Nd2 Bc6 18. f3 Rfd8 19. Qe2 Nh5 20. Bf2 Nhf4 21.
Qe3 Qg5 22. Bg3 Nh3+ 0-1

[Event "?"]
[Site "?"]
[Date "2018.08.15"]
[Round "2.2"]
[White "Kartsev, Soel"]
[Black "Begna, Bozidar"]
[Result "1/2-1/2"]
[WhiteElo "2198"]
[BlackElo "2042"]
[PlyCount "108"]
[EventDate "2018.??.??"]
[WhiteTeam "SF Brackel 1930"]
[BlackTeam "SC Hansa Dortmund"]

1. e4 d6 2. d4 Nf6 3. Nc3 e5 4. Nf3 Nbd7 5. g4 d5 6. exd5 e4 7. Ne5 Bb4 8. Bg5
Nb6 9. Bb5+ Kf8 10. O-O Bxc3 11. bxc3 Nbxd5 12. Qd2 h6 13. Bh4 g5 14. Bg3 Nxg4
15. f3 e3 16. Qd3 Nxe5 17. Bxe5 f6 18. Bg3 Bh3 19. Rfe1 c6 20. Bc4 Kg7 21. Bxd5
Qxd5 22. Rxe3 Rae8 23. Rae1 Qd7 24. c4 Bf5 25. Qd2 Rxe3 26. Rxe3 Re8 27. Rxe8
Qxe8 28. d5 Qd7 29. d6 c5 30. h4 Be6 31. hxg5 hxg5 32. Qe3 b6 33. Qb3 Kg6 34.
a4 Qc6 35. Kf2 f5 36. Be5 g4 37. fxg4 fxg4 38. Bg3 Kf5 39. Kg1 Bd7 40. Qd3+ Qe4
41. a5 bxa5 42. Bf2 Bc6 43. Bxc5 a6 44. Kf2 Ke6 45. Qxe4+ Bxe4 46. Kg3 Bxc2 47.
Kxg4 Bb3 48. Kf4 Bxc4 49. Ke3 a4 50. Kd4 Bb5 51. Ba3 Kd7 52. Kc5 Kc8 53. Bb4
Kd7 54. Ba3 Kc8 1/2-1/2

[Event "?"]
[Site "?"]
[Date "2018.08.15"]
[Round "2.3"]
[White "Boxberg, Marc"]
[Black "Garbuz, Vitaliy"]
[Result "0-1"]
[WhiteElo "1642"]
[BlackElo "2182"]
[PlyCount "30"]
[EventDate "2018.??.??"]
[WhiteTeam "Marten-Bövinghausen"]
[BlackTeam "SF Brackel 1930"]

1. e4 c5 2. Nf3 Nc6 3. d4 cxd4 4. c3 Nf6 5. e5 Nd5 6. cxd4 d6 7. Be2 g6 8. O-O
Bg7 9. exd6 Qxd6 10. Be3 O-O 11. Nc3 Rd8 12. Ne4 Qb8 13. Rc1 e5 14. Nc3 Nxe3
15. fxe3 Bh6 0-1

[Event "?"]
[Site "?"]
[Date "2018.08.15"]
[Round "2.4"]
[White "Korten, Lando"]
[Black "Sprungala, Erik"]
[Result "1-0"]
[WhiteElo "2091"]
[BlackElo "1776"]
[PlyCount "103"]
[EventDate "2018.??.??"]
[WhiteTeam "SF Brackel 1930"]
[BlackTeam "SV Rochade Eving"]

1. d4 Nf6 2. c4 e6 3. Nc3 Bb4 4. e3 O-O 5. Nge2 c6 6. a3 Ba5 7. b4 Bc7 8. d5 d6
9. Bb2 Nbd7 10. Nd4 e5 11. dxc6 Nb6 12. cxb7 Bxb7 13. Nf3 Rc8 14. Qb3 Qe7 15.
Rc1 Rfd8 16. Be2 Bb8 17. Na4 h6 18. O-O Qe6 19. Nxb6 axb6 20. Rfd1 b5 21. Nd2
bxc4 22. Bxc4 d5 23. Be2 Rxc1 24. Bxc1 g5 25. Bb2 g4 26. Nf1 h5 27. a4 h4 28.
a5 Ne4 29. Bxg4 Qxg4 30. f3 Qg5 31. fxe4 Kh7 32. exd5 Rg8 33. Qc2+ Kh6 34. e4
Ba7+ 35. Kh1 Qg4 36. h3 Qg6 37. Bxe5 Bc8 38. Kh2 f6 39. Bf4+ Kh7 40. Qe2 Bd7
41. Ne3 Bxh3 42. gxh3 Bxe3 43. Bc7 Rg7 44. Qf3 Rxc7 45. Qxe3 Rc2+ 46. Rd2 Qg3+
47. Qxg3 hxg3+ 48. Kxg3 Rxd2 49. a6 Rb2 50. d6 Rxb4 51. a7 Ra4 52. d7 1-0